000 01095cam a2200313 a 4500
001 2668
003 FISKH
005 20250716144429.0
008 080822s2009 nyua c b 000 1 eng
010 _a 2008032818
020 _a9780316114271
020 _a9780316038638
040 _aDLC
_cDLC
_dDLC
_beng
042 _alcac
050 0 0 _aPZ8.L6215
_bWhe 2009
082 0 0 _a[Fic]
_222
100 1 _aLin, Grace.
245 1 0 _aWhere the mountain meets the moon /
_cGrace Lin.
250 _aThis edition published in 2016
260 _aNew York :
_bLittle Brown,
_c2009
300 _a278 pages :
_bcolor illustrations
_c20 cm.
520 _aMinli, an adventurous girl from a poor village, buys a magical goldfish, and then joins a dragon who cannot fly on a quest to find the Old Man of the Moon in hopes of bringing life to Fruitless Mountain and freshness to Jade River.
586 _aNewbery Medal Honor Book, 2010.
650 1 _aFairy tales.
650 1 _aDragons
_vFiction.
650 1 _aMoon
_vFiction.
906 _a7
_bcbc
_corignew
_d1
_eecip
_f20
_gy-gencatlg
942 _2ddc
_cBK
_n0
999 _c2668
_d2668